Pompeii / Guide-Books to Museums and Monuments in Italy (Record no. 2025)

000 -LEADER
fixed length control field 00664nam a22002177a 4500
003 - CONTROL NUMBER IDENTIFIER
control field OSt
005 - DATE AND TIME OF LATEST TRANSACTION
control field 20241030084359.0
008 - FIXED-LENGTH DATA ELEMENTS--GENERAL INFORMATION
fixed length control field 210306s ||||| |||| 00| 0 eng d
040 ## - CATALOGING SOURCE
Original cataloging agency eng
Language of cataloging eng
Transcribing agency DLC
041 ## - LANGUAGE CODE
Language code of text/sound track or separate title eng
Language code of original ita
080 ## - UNIVERSAL DECIMAL CLASSIFICATION NUMBER
Universal Decimal Classification number 008
Item number M-19
100 ## - MAIN ENTRY--PERSONAL NAME
9 (RLIN) 1288
Personal name Maiuri, Amedeo
245 ## - TITLE STATEMENT
Title Pompeii / Guide-Books to Museums and Monuments in Italy
Statement of responsibility, etc. / by: La Libreria Dello Stato / Public Library
250 ## - EDITION STATEMENT
Edition statement 6th edition
260 ## - PUBLICATION, DISTRIBUTION, ETC.
Place of publication, distribution, etc. Rome, Italy
Name of publisher, distributor, etc. La Libreria Dello Stato / Public Library
Date of publication, distribution, etc. 1944
300 ## - PHYSICAL DESCRIPTION
Extent 163 p.
Other physical details ill.
650 #0 - SUBJECT ADDED ENTRY--TOPICAL TERM
9 (RLIN) 493
Topical term or geographic name entry element Culture
653 ## - INDEX TERM--UNCONTROLLED
Uncontrolled term კულტურა
700 ## - ADDED ENTRY--PERSONAL NAME
9 (RLIN) 1289
Personal name Prihstley, V.
Relator term Translator
942 ## - ADDED ENTRY ELEMENTS (KOHA)
Source of classification or shelving scheme
Koha item type Books
Edition 6
Holdings
Withdrawn status Lost status Source of classification or shelving scheme Damaged status Not for loan Permanent location Current location Date acquired Inventory number Total Checkouts Full call number Barcode Date last seen Price effective from Koha item type
          Ken Walker International University Ken Walker International University 03/06/2021 1970   008 M-19 1970 03/06/2021 03/06/2021 Books

Powered by Koha